000 00533nam a2200241Ia 4500
008 210210b1997 xxu||||| |||| 00| 0 eng d
082 _a657.46 GAUI
100 _aGAUR (V P)
245 _aIncome Tax law and practice Ed 25
250 _a
260 _aMadras.
_bKalyani Publishers,
_c1997
300 _axiv,6,104
650 _aTax
650 _apractice
650 _alaw
650 _aIncome
650 _aEd
650 _aand
650 _a25
690 _aIncome Tax
700 _aNARANG (D B)
906 _a052148
999 _c100501
_d100501